Представление документа в формате MARC21

Поле Инд. ПП Название Значение
Тип записи a
Библиографический уровень b
001 Контрольный номер RU/IS/BASE/214059402
005 Дата корректировки 20200522191043.9
008 Кодируемые данные 20061013
040 b Код языка каталог. rus
e Правила каталог. PSBO
041 0_ a Код языка текста rus
084 a Индекс другой классификации/Индекс ББК 74.480.4(7США); 65.497.4(7США)-21
100 1_ a Автор Кочетков Г. Б.
q Полное имя Кочетков Геннадий Борисович
245 10 a Заглавие Мировой опыт организации науки (на примере США)
504 a Библиография Лит. в конце статьи. - Примеч.
520 a Аннотация В статье рассматривается организация университетской науки в США, ее взаимодействие с экономикой и частным бизнесом
650 a Основная рубрика высшее образование
a Основная рубрика менеджмент (управление предприятием)
a Основная рубрика образование
a Основная рубрика профессиональное образование
a Основная рубрика экономика
a Основная рубрика экономика образования
a Основная рубрика экономика социально-культурной сферы
653 1_ a Ключевые слова бесприбыльные корпорации
a Ключевые слова венчурные фирмы
a Ключевые слова вузовская наука
a Ключевые слова интеллектуальная собственность
a Ключевые слова коммерциализация науки
a Ключевые слова коммерческая деятельность
a Ключевые слова лицензирование
a Ключевые слова наука
a Ключевые слова научно-исследовательская деятельность
a Ключевые слова научно-методологическая работа
a Ключевые слова научно-технический комплекс
a Ключевые слова организация науки
a Ключевые слова патенты
a Ключевые слова США
a Ключевые слова университеты
a Ключевые слова финансирование исследований
a Ключевые слова финансирование науки
a Ключевые слова фундаментальная наука
a Ключевые слова частное предпринимательство
773 0_ t Заглавие источника Проблемы прогнозирования
d Дата издания источника 2006
g Прочая информация № 4. - С. 145 - 160
w Контрольный № источника RU/IS/BASE/207762247
901 t Тип документа b